| 000 | 00560nam a2200157Ia 4500 | ||
|---|---|---|---|
| 008 | 170221s9999 xx 000 0 und d | ||
| 100 | _aGuiping Li | ||
| 245 | 3 | _aAn Efficient Construction and Low Complexity Collaborative Decoding of Reed-Solomon Concatenated with Modified Polar Codes | |
| 245 | _cGuiping Li, Jianjun Mu, and Xiaopeng Jiao. | ||
| 260 | _bJournal of Communications | ||
| 260 | _c2014 | ||
| 300 | _a34 : 3 | ||
| 650 | _xCommunication | ||
| 650 | _xMedia Arts | ||
| 856 | _uhttp://www.jocm.us/index.php?m=content&c=index&a=lists&catid=144 | ||
| 999 |
_c310764 _d310764 |
||